000 01361ngm a22003970a 4500
001 PT47757
003 AR-LpoUNG
005 20210202000027.0
007 vd cvaizq
008 191001s2010||||ag |||||||||||||||||spa d
037 _c$2,50
040 _aAR-LpoUNG
_bspa
_cAR-LpoUNG
_eaacr
041 _aspa
044 _aag
082 0 _a303.66 676ado
100 1 _aMirra, Miguel
245 1 0 _aAdolfo Pérez Esquivel :
_botro mundo es posible
260 _aBuenos Aires :
_bMiradas al sur,
_c2010.
300 _aDVD (83 min.) : son., col.
505 0 _aProducción: Susana Moreira, Diego H. Ceballos. Música: Amanda Guerreño.
520 _aUn documental sobre Adolfo Pérez Esquivel. El servicio paz y justicia. La prisión. Las madres de Plaza de Mayo. El premio Nobel. Su compromiso con Nicaragua. La deuda externa. La lucha contra el Alca. La cumbre de los pueblos. Haití, mucho antes de la hipocresía. Argentina. Los jóvenes para la paz. El saqueo y la contaminación. América Latina.
650 4 _aAMERICA LATINA
650 4 _aARGENTINA
650 4 _aCONTAMINACION
650 4 _aDEUDA EXTERNA
650 4 _aJUVENTUD
650 4 _aPAZ
650 4 _aPODER JUDICIAL
650 4 _aPRISIONES
653 _aCINE ARGENTINO
653 _aDOCUMENTALES
653 _aDVD
653 _aVIDEOS
905 _a47757
942 _cDVD
999 _c53975
_d53975